Dairy situation and outlook report april 1998

Bibliographic Details
Main Author: Ješko, Jozef (Author)
Corporate Author: Slovensko. Ministerstvo pôdohospodárstva (vyd)
Format: Book
Language:English
PhysicalDescription:30 s. grafy, tab. 30 cm
Published: Bratislava Research Institute of Agriculture and Food Economics 1998
ISBN:8080580499
Subjects:

MARC

LEADER 00000nam a2200000 a 4500
001 vtls001340277
003 SK-MaSNL
005 20260302070718.0
008 240315s1998 xo ai r y 0 eng
015 |a SNBE1998/04-02314 
020 |a 8080580499 
035 |a SNK000293363 
040 |a SNK  |b slo  |c SNK  |e AACR2 
041 0 |a eng 
044 |a xo  |c SK 
080 |a 637.12:311.312(437.6)(083.9)"1998"=20  |2 1981 
080 |a 311.312(437.6)  |2 1981 
100 1 |a Ješko, Jozef  |4 aut  |9 12469 
245 1 |a Dairy  |b situation and outlook report april 1998  |c author: Jozef Ješko 
260 |a Bratislava  |b Research Institute of Agriculture and Food Economics  |c 1998 
300 |a 30 s.  |b grafy, tab.  |c 30 cm 
500 |a Vydal: Ministerstvo pôdohospodárstva Slovenskej republiky 
648 7 |a 1998  |2 SNK  |9 282348 
650 0 7 |a mlieko  |2 SNKPH  |9 3942 
655 7 |a informačné publikácie  |2 SNKPH  |9 70181 
710 0 |a Slovensko.  |b Ministerstvo pôdohospodárstva  |4 vyd  |9 115174 
919 |a 80-8058-049-9 
958 |a TL 
958 |a BQ 
999 |c 1148613  |d 1150543 
952 |t P60, <09>, [BOOK], {629}  |a SNK  |b SNK  |y NEVYP  |7 0  |o snkB 387  |i snk1272/980831  |0 0  |1 0  |4 0  |d 1998-08-27  |l 0  |r 2005-01-02 00:00:00  |w 2026-02-24 
952 |t P60, <03>, [BOOK], {603}  |a SNK  |b SNK  |y PREZ  |7 0  |p 17A0153895  |o snkOSB 11922  |i snkKSP 8065/98  |0 0  |1 0  |4 0  |d 1998-08-27  |l 0  |r 2005-01-02 00:00:00  |w 2026-02-24 
952 |t P60, <04>, [BOOK], {604}  |a SNK  |b SNK  |y VYP  |7 0  |p 17A0153896  |o snkOSB 11922 D1  |i snkKSP 8066/98  |0 0  |1 0  |4 0  |d 1998-08-27  |l 0  |r 2005-01-02 00:00:00  |w 2026-02-24